01669nam a2200349 a 4500001001200000003000800012006001900020007001500039008004100054010001700095020004500112020004700157020002700204040002100231035002100252043001200273050002400285082002500309100003400334245011200368260003700480300001100517504005100528505025600579533015200835610004700987650005401034651005901088655002901147710001701176856012601193ebr10476817CaPaEBRm u cr cn|||||||||100121s2010 nyu sb 001 0 eng d z 2010000099 z9780875867861 (trade paper : alk. paper) z9780875867878 (case laminate : alk. paper) z9780875867885 (e-book) aCaPaEBRcCaPaEBR a(OCoLC)693781083 an-us---14aHJ4651b.S54 2010eb04a336.240973/090342221 aShepard, Christopher Michael.14aThe Civil War income tax and the Republican Party, 1861-1872h[electronic resource] /cChristopher Shepard. aNew York :bAlgora Pub.,cc2010. a196 p. aIncludes bibliographical references and index.0 aThe American system -- Formation of the Republican Party -- First federal income tax, 1861 -- The revision of 1862 -- The 1864 tax law -- The attempt of a flat tax rate, 1865-1868 -- A deep divide, 1870 -- One last try, 1871 -- Republicans since 1872. aElectronic reproduction.bPalo Alto, Calif. :cebrary,d2011.nAvailable via World Wide Web.nAccess may be limited to ebrary affiliated libraries.20aRepublican Party (U.S. : 1854- )xHistory. 0aIncome taxzUnited StatesxHistoryy19th century. 0aUnited StatesxHistoryyCivil War, 1861-1865xFinance. 7aElectronic books.2local2 aebrary, Inc.40uhttp://site.ebrary.com/lib/rucke/Doc?id=10476817zAn electronic book accessible through the World Wide Web; click to view